Guglielma e Maifreda : storia di un'eresia femminista /

Gardado en:
Detalles Bibliográficos
Autor Principal: Muraro, Luisa (Author)
Formato: Libro
Idioma:Lingua italiana
Publicado: Milano : La tartaruga, [1985]
Series:La tartaruga ; 1
Subjects:
Tags: Engadir etiqueta
Sen Etiquetas, Sexa o primeiro en etiquetar este rexistro!

MARC

LEADER 00000nam a22000007i 4500
001 IT\ICCU\MIL\0096396
003 ItRI
005 20260115231927.0
008 920427s1985 it |||||| ||||| |||||c
020 |a 8877380497 
020 |a 8885678084 
020 |b (ERR)  |z 8877380494  |b (ERR) 
040 |b ita  |c importazione bologna sebina 
041 7 |a ita  |2 ISO-639-2 
082 |a 273.7  |9 CONTROVERSIE DOTTRINALI ED ERESIE NELLA STORIA DELLA CHIESA. 17. SECOLO  |2 20 
082 |a 945.04  |9 Italia. Storia. Periodo comunale  |2 20 
100 1 |a Muraro, Luisa  |0 IT\ICCU\LO1V\014930  |4 aut 
240 1 0 |a Guglielma e Maifreda  |3 IT\ICCU\UBO\4406335  |9 Muraro, Luisa 
245 1 0 |a Guglielma e Maifreda :  |b storia di un'eresia femminista /  |c Luisa Muraro. 
260 |a Milano :  |b La tartaruga,  |c [1985] 
300 |a 217 p. :  |b ill. ;  |c 20 cm. 
650 7 |a Eresie  |x Storia  |x Sec. 5.-15.  |2 scbi 
650 7 |a Guglielma : Boema  |2 scbi 
650 7 |a Guglielma  |x Biografie  |2 scbi 
650 7 |a Guglielmiti  |2 scbi 
790 1 |a Muraro Vaiani, Luisa  |3 IT\ICCU\CFIV\146611  |z Muraro, Luisa 
830 3 |a La tartaruga ;  |v 1  |0 IT\ICCU\CFI\0007894 
942 |2 ddc  |c BK  |n 0 
952 |0 0  |1 0  |4 0  |6 DOC_273_609000000000000_MUR  |7 0  |9 16804  |a BO  |b BO  |d 2026-01-15  |i 2223  |l 0  |o DOC 273.609 MUR  |p BO2223  |r 2026-01-15 23:19:27  |w 2026-01-15  |x [Sebina 5] [1 v.]  |y BK  |z 1 v. 
999 |c 14362  |d 14362